000 00709nam a2200229 i 4500
001 77891
003 ES-MaACL
005 20240421063020.0
007 t|
008 041112s1987 sp ||||1| spa d
020 _a84-362-2142-7
080 _a16(075.8)
100 1 _aVega, Luis.
_9113569
245 1 3 _aEl análisis lógico
_b: nociones y problemas : una introducción a la filosofía de la lógica /
_cautor, Luis Vega.
260 _aMadrid :
_bUNED,
_c1987.
300 _a2 v. ;
_c25 cm.
490 1 _aCuadernos de la UNED ;
_vCU. 24, 32
830 0 _aCuadernos UNED ;
_vCU. 24, 32
_9223638
852 _aES-MaACL
_jL-28439-40
_bR.134537
942 _2udc
999 _c77891
_d77891